000 00956nam a2200265 a 4500
001 BRCA_4457
005 20190320204658.0
008 060910s1908----enka######---#000-0#eng-#
041 _aeng
044 _aenk
050 4 _aDP17
_b.C35 1908
100 1 _aCalvert, Albert F.
_d1872-1946
_911292
245 1 0 _aValladolid, Oviedo, Segovia, Zamora & Zaragoza
_ban historical and descriptive account
_cBy Albert F. Calvert.
260 _aLondres
_bJonh Lane, The Bodley Head
_c1908
300 _axiii, 162 p.
_bil., 413 láminas
_c20 cm.
440 0 _aSpanish series
_v23
_911293
500 _aIncluye índice de ilustraciones
500 _aCEO8
651 4 _aEspaña
_xDescripción y viajes
_97912
651 4 _aValladolid, España (Provincia)
_xDescripción y viajes
_911294
651 4 _aOviedo, España (Provincia)
_xDescripción y viajes
_911295
651 4 _aSegovia, España (Provincia)
_xDescripción y viajes
_911296
902 _aGFM
942 _2lcc
_cB
999 _c4163
_d4163